000
00326nam a2200145Ia 4500
100
_a
Gravano/Salvatore
942
_c
BK
366
_f
20
245
_a
Introduction to Error control codes
260
_b
Oxford university press
_c
2001
082
_a
3.54
_b
GRA
300
_a
261
546
_a
ENGLISH
_c
Computers
999
_c
33007
_d
33007